000 00366nam a2200145 i 4500
001 bg
100 1 _aBASTIAN, Stanisław
245 0 _aBetony konstrukcyjne z popiołem lotnym /
_cStanisław Bastian.
260 _aWarszawa,
_c1980.
040 _cBPK
041 _apol
080 _a666.97/.98:662.6/.9
942 _cKS
008 s pl f |000 0 pol
999 _c19362
_d19362
856 _uhttp://koha.tu.koszalin.pl/cgi-bin/koha/opac-detail.pl?biblionumber=19362
_yKatalog online BPK